00415nam a22001457a 450000500170000000800410001702200130005804100220007108200130009310000230010624500300012926000510015930000330021065000260024320240723132602.0240723b |||||||| |||| 00| 0 eng d a00382396 aEnglish/Afrikaans a349 SOU  lEnglish/Afrikaans  aSouth African Law Reports aCape Town: bJuta and Company (Pty) Ltd,c2019 bxxxviii, 655 pages; c26 cm. aLegal practice bLaw